000 00570nam a2200229 a 4500
001 0001-1421
003 ELIB.Books
008 160809 2010 eng
020 _a9780760783640
035 _a(ELIB.Books)0001-1576
092 _a242
_bSch
100 _aSchucman, Heken.
245 _aMeditations from A Course in Miracles
260 _aNew York
_bMetro Books
_c2007
300 _a156
_c18.5 Cm
650 _aMeditations
856 _nKBTS Library
_uKBTS: ELIB
942 _2ddc
_cBK
990 _a1
998 _cbat
_e2016-08-09
999 _c11421
_d11421